Consultation on the governance arrangements for the National Parks and the Broads (Record no. 111426)

MARC details
000 -LEADER
fixed length control field 00997cad a22001935a 4500
001 - CONTROL NUMBER
control field L151532
008 - FIXED-LENGTH DATA ELEMENTS--GENERAL INFORMATION
fixed length control field 101115s2010 xxk f 000 0 eng d
035 ## - SYSTEM CONTROL NUMBER
System control number (Sirsi) u151532
041 0# - LANGUAGE CODE
Language code of text/sound track or separate title eng
110 2# - MAIN ENTRY--CORPORATE NAME
Corporate name or jurisdiction name as entry element DEFRA
245 00 - TITLE STATEMENT
Title Consultation on the governance arrangements for the National Parks and the Broads
Medium [electronic resource]
260 ## - PUBLICATION, DISTRIBUTION, ETC.
Place of publication, distribution, etc. London
Name of publisher, distributor, etc. DEFRA
Date of publication, distribution, etc. 2010
520 ## - SUMMARY, ETC.
Summary, etc. National Park consultation seeks views of individuals and organisations. Each local authority will consult locally on potential changes which would work best for their areas whilst at the same time reflecting the status of the Parks as national assets. The consultation will run for 12 weeks and will close on 1 February 2011
590 ## - LOCAL NOTE (RLIN)
Local note KA NTK
651 #4 - SUBJECT ADDED ENTRY--GEOGRAPHIC NAME
Geographic name ENGLAND AND WALES
690 ## - LOCAL SUBJECT ADDED ENTRY--TOPICAL TERM (OCLC, RLIN)
Topical term or geographic name as entry element ENVIRONMENTAL AND LAND CONSULTANCY-ENVIRONMENTAL MANAGEMENT
856 40 - ELECTRONIC LOCATION AND ACCESS
Uniform Resource Identifier <a href="https://archive.defra.gov.uk/corporate/consult/nationalpark-governance/">https://archive.defra.gov.uk/corporate/consult/nationalpark-governance/</a>
Public note View the item free of charge at archive.defra.gov.uk.
942 ## - ADDED ENTRY ELEMENTS (KOHA)
Suppress in OPAC 0
Holdings
Withdrawn status Lost status Source of classification or shelving scheme Damaged status Not for loan Home library Current library Shelving location Date acquired Total Checkouts Full call number Barcode Date last seen Copy number Price effective from Koha item type
    Dewey Decimal Classification     Virtual Virtual Online 15/11/2010   ONLINE PUBLICATION 151532-2001 06/08/2019 1 06/08/2019 Book